00324pab a2200121 454500008004000000100002000040245006000060260000900120300001400129650002100143650001200164773002600176180718b2008 xxu||||| |||| 00| 0 eng d aLee, Ming-Huang aTourism and sustainable livelihoods: the case of Taiwan c2008 ap.961-78. aTourism - Taiwan aTourism aThird World Quarterly